• 首页
  • 本馆介绍
  • 公告通知
  • 最新文献
  • 馆藏检索
  • 电子资源
  • 读者导购
  • 参考咨询
  • 我的图书馆
  • 登录
  • 详细信息显示
  • 放入我的书架
  • 预约/预借图书
  • 作者相关作品
  • 分类相关作品
  • 丛书相关作品
  • 出版社相关作品

书目信息

  • 表格格式
  • 工作单格式
  • 卡片格式
题名:
西方美术理论文选
    
 
作者: 迟轲 主编 ;邵宏 译
分册: 上  
出版信息: 南京   江苏教育出版社  2005
页数: 340
开本: 23cm
丛书名: 西方艺术史丛书
单 册:
中图分类: J0-53
科图分类:
主题词: 美术理论--文集
电子资源:
ISBN: 7-5343-6186-9
000 01371nam0 2200373 450
000 01334nam0 2200361 450
000 01331nam0 2200373 450
000 01277nam0 2200349 450
000 01306nam0 2200337 450
000 01269nam0 2200325 45
001 TS2006029121
005 20061228165638.93
010    @a7-5343-6186-9@dCNY49.80 (全2册)
100    @a20060829d2005 emky0chiy0110 ea
101 1  @achi@ceng
102    @aCN@b320000
105    @aa z 000yy
200 1  @a西方美术理论文选@AXi Fang Mei Shu Li Lun Wen Xuan@dWestern Art Theories Collection古希腊到20世纪@h上@HShang@f迟轲主编@FChi Ke Zhu Bian@g邵宏译@zeng
210    @a南京@c江苏教育出版社@d2005
215    @a340@c彩图@d23cm
225 2  @a西方艺术史丛书
300    @a年度出版瞬间 学术·思想·人生
330    @a本书收录自公元前5世纪古希腊时代至20世纪70年代间一百四十余位艺术家、艺术批评家的相关论述,按照历史的系统介绍了西方美术理论。
410  0 @12001 @a西方艺术史丛书
510 1  @aWestern Art Theories Collection@zeng
517 1  @a古希腊到20世纪@AGu Xi La Dao 20 Shi Ji
606 0  @a美术理论@x文集
690    @aJ0-53@v4
701  0 @a迟轲@AChi Ke@4主编
702  0 @a邵宏@AShao Hong@4译
801  0 @aCN@b中图数据@c20061228
905    @a10447@dJ0-53@e177:1
    
    西方美术理论文选=Western Art Theories Collection古希腊到20世纪.上/迟轲主编/邵宏译.-南京:江苏教育出版社,2005
    340:彩图;23cm.-(西方艺术史丛书)
    年度出版瞬间 学术·思想·人生
    
    ISBN 7-5343-6186-9:CNY49.80 (全2册)
    本书收录自公元前5世纪古希腊时代至20世纪70年代间一百四十余位艺术家、艺术批评家的相关论述,按照历史的系统介绍了西方美术理论。
●
相关链接 在E读中查询图书 在五车中查询图书 在当当中查询图书 在豆瓣中查询图书


正题名:西方美术理论文选     索取号:J0-53/177:1         预约/预借

序号 登录号 条形码 馆藏地/架位号 状态 备注
1 0602030   206020303   第一样本阅览室/ [索取号:J0-53/177:1] 在馆    
2 0602031   206020312   第一借阅区/ [索取号:J0-53/177:1] 在馆    
3 0602032   206020321   第一借阅区/ [索取号:J0-53/177:1] 在馆    
4 0602033   206020330   第一借阅区/ [索取号:J0-53/177:1] 在馆    
5 0602034   206020349   第一借阅区/ [索取号:J0-53/177:1] 在馆    
6 0602035   206020358   第一借阅区/ [索取号:J0-53/177:1] 在馆    
唐山师范学院图书馆 欢迎您!
大连网信软件有限公司© 版权所有